| 000 | 01100nam a2200253 a 4500 | ||
|---|---|---|---|
| 001 | BRCA_7337 | ||
| 005 | 20190320205811.0 | ||
| 008 | 751015s2011####mx-a######---#000-0#spa-# | ||
| 020 | _a9786070051944 | ||
| 041 | _aspa | ||
| 044 | _amx | ||
| 050 | 4 |
_aN6550 _b.V55 2011 |
|
| 100 | 1 |
_aVillasana Ramos, Grisell, _d1970- _918140 |
|
| 245 | 1 | 0 |
_aAtando cabos _breflexiones sobre la mexicanidad. La Colección Instituto Oviedo _cGrisell Villasana Oviedo ; con prólogo de Guadalupe Jiménez Codinach. |
| 260 |
_aMéxico _bUniversidad De La Salle Bajío : Instituto Oviedo _c2011 |
||
| 300 |
_axxvii, 524 p. _bil. (algunas a color) _c32 cm. _e1 CD. |
||
| 500 | _aIncluye dedicatoria a Héctor Rivero Borrell con ocasión de la firma del convenio entre el Museo Franz Mayer y la Universidad De La Salle Bajío | ||
| 500 | _aEl CD se encuentra en la colección de videos | ||
| 504 | _aBibliografía: p. [525-526] | ||
| 610 | 2 | 4 |
_aInstituto Oviedo _vCatálogos _xHistoria _zLeón, Guanajuato _918141 |
| 650 | 1 | 4 |
_aArte _zMéxico _918142 |
| 700 | 1 |
_aJímenez, Codinach, Guadalupe _epról. _9447 |
|
| 942 |
_2lcc _cB |
||
| 999 |
_c7013 _d7013 |
||